000 00295nam a22001337a 4500
008 170906b xxu||||| |||| 00| 0 eng d
020 _a9780940087538
041 _aeng
080 _22ND
_a72
100 _a41
101 _aARK
245 _aAUTOCAD TIPS AND TRICKS
_cHEAD,G.O
942 _2udc
_cBK
999 _c26408
_d26408